| 000 | 01374cam a22003617a 4500 | ||
|---|---|---|---|
| 001 | 14849384 | ||
| 003 | OSt | ||
| 005 | 20180116192418.0 | ||
| 008 | 070514s2004 it ae b 001 0 ita d | ||
| 010 | _a 2007296892 | ||
| 020 | _a8876246967 | ||
| 020 | _a9788876246968 | ||
| 035 | _a(OCoLC)ocm77537381 | ||
| 035 | _a(OCoLC)77537381 | ||
| 040 |
_aGSE _cGSE _dBAKER _dYDXCP _dDLC |
||
| 042 | _alccopycat | ||
| 050 | 0 | 0 |
_aNA4130 _b.A36 2004 |
| 082 | _a721.0441 | ||
| 100 | 1 |
_aAcocella, Alfonso, _d1954- _97024 |
|
| 245 | 1 | 0 |
_aStone Architecture: _bancient and modern construction skills / _cAlfonso Acocella. |
| 250 | _a1. ed. | ||
| 260 |
_aFirenze : _bAlinea ; _aLucca : _bLucense, _cc2004. |
||
| 300 |
_a623 p. : _bill. (some col.), plans ; _c35 cm. |
||
| 504 | _aIncludes bibliographical references (p. 614-618) and indexes. | ||
| 650 | 0 |
_aStone buildings _zItaly _xHistory. _97025 |
|
| 650 | 0 |
_aArchitecture _zItaly _xHistory. _97026 |
|
| 856 | 4 | 2 |
_3Publisher description _uhttp://www.loc.gov/catdir/enhancements/fy0804/2007296892-d.html |
| 856 | 4 | 2 |
_3Contributor biographical information _uhttp://www.loc.gov/catdir/enhancements/fy0804/2007296892-b.html |
| 906 |
_a7 _bcbc _ccopycat _d2 _encip _f20 _gy-gencatlg |
||
| 942 |
_2ddc _cREF |
||
| 999 |
_c353814 _d353814 |
||